000 00693nam a2200217Ia 4500
001 10785
003 GE_BSU
008 181216s||||||||xx |||||||||||||| ||und||
040 _cGE_BSU
080 _a821.353.1-32
100 _aქარჩხაძე,ჯემალ.
245 _aანტონიო და დავითი.
245 _bმოთხრობები.
245 _cრედ.ლ.არაბიძე; მხატვ.მ.დედანაშვილი.
260 _aთბილისი.
260 _bმერანი.
260 _c1987.
300 _a376გვ;20სმ.
653 _aანტონიო და დავითი.
942 _cBK
999 _c44034
_d44034